[Event "DVM U12 2020"]
[Site "Magdeburg GER"]
[Date "2021.08.08"]
[Round "7"]
[White "Wagner, Anton"]
[Black "Dorendorf, Mika"]
[Result "1-0"]
[Termination "normal"]
[Board "2.2"]
[WhiteElo "1406"]
[BlackElo "1492"]
[WhiteClock "00:24:17"]
[BlackClock "01:09:09"]
[WhiteTeam "USV Erfurt"]
[BlackTeam "Hamburger SK von 1830 eV"]
[PlyCount "71"]
[WhiteFideId "34608095"]
[BlackFideId "16283066"]
[EventCountry "GER"]
[EventRounds "7"]
[EventType "team-swiss"]
[EventDate "2021.08.04"]

1. d4 {[%clk 01:30:58]} {[%emt 00:00:05]} d5 {[%clk 01:30:55]} {[%emt
00:00:21]} 2. c4 {[%clk 01:31:25]} e6 {[%clk 01:31:20]} 3. Nc3 {[%clk
01:31:06]} {[%emt 00:00:39]} Nf6 {[%clk 01:30:53]} {[%emt 00:13:59]} 4. a3
{[%clk 01:31:23]} Be7 {[%clk 01:30:50]} 5. Nf3 {[%clk 01:31:49]} O-O {[%clk
01:30:38]} 6. e3 {[%clk 01:32:17]} b6 {[%clk 01:30:51]} {[%emt 00:03:29]} 7.
Be2 {[%clk 01:32:20]} Bb7 {[%clk 01:31:00]} 8. O-O {[%clk 01:32:44]} Nbd7
{[%clk 01:31:16]} 9. b4 {[%clk 01:17:33]} {[%emt 00:02:14]} a5 {[%clk
01:31:15]} {[%emt 00:00:26]} 10. Rb1 {[%clk 01:13:00]} {[%emt 00:17:23]} dxc4
{[%clk 01:29:06]} 11. Bxc4 {[%clk 01:09:35]} Nd5 {[%clk 01:28:37]} 12. Nxd5
{[%clk 01:09:34]} exd5 {[%clk 01:28:18]} {[%emt 00:00:04]} 13. Bd3 {[%clk
01:08:40]} axb4 {[%clk 01:28:34]} 14. axb4 {[%clk 01:08:34]} Nf6 {[%clk
01:27:57]} 15. Bd2 {[%clk 01:06:00]} {[%emt 00:02:54]} Ne4 {[%clk 01:28:03]}
{[%emt 00:00:24]} 16. Qc2 {[%clk 01:04:37]} {[%emt 00:07:05]} Nxd2 17. Qxd2
{[%clk 01:04:50]} Qd6 {[%clk 01:26:50]} 18. Rfc1 {[%clk 01:00:44]} {[%emt
00:01:54]} Rfc8 {[%clk 01:26:13]} {[%emt 00:01:07]} 19. b5 {[%clk 00:33:00]}
{[%emt 00:28:13]} Ra4 {[%clk 01:24:37]} {[%emt 00:02:07]} 20. Bf1 {[%clk
00:29:11]} {[%emt 00:04:18]} Qa3 {[%clk 01:19:28]} {[%emt 00:05:38]} 21. Qc3
{[%clk 00:26:23]} {[%emt 00:03:19]} Qxc3 {[%clk 01:19:15]} {[%emt 00:00:42]}
22. Rxc3 {[%clk 00:26:48]} {[%emt 00:00:07]} Bd6 {[%clk 01:19:07]} {[%emt
00:00:38]} 23. Rbc1 {[%clk 00:26:27]} {[%emt 00:00:51]} Rb4 {[%clk 01:19:04]}
{[%emt 00:00:36]} 24. Ra1 {[%clk 00:25:48]} {[%emt 00:19:58]} Ra8 {[%clk
01:19:16]} 25. Rxa8+ {[%clk 00:25:52]} Bxa8 {[%clk 01:17:45]} 26. Ra3 {[%clk
00:26:03]} Bb7 {[%clk 01:16:24]} 27. Ra7 {[%clk 00:26:18]} Kf8 {[%clk
01:16:38]} 28. Rxb7 {[%clk 00:26:10]} Ra4 {[%clk 01:17:01]} 29. Ne5 {[%clk
00:26:03]} Ra1 {[%clk 01:14:24]} 30. Nc6 {[%clk 00:25:51]} Ke8 {[%clk
01:13:46]} {[%emt 00:00:15]} 31. Rb8+ {[%clk 00:25:57]} Kd7 {[%clk 01:14:06]}
32. Rd8+ {[%clk 00:26:03]} Ke6 {[%clk 01:14:30]} 33. g3 {[%clk 00:25:11]}
{[%emt 00:03:29]} Kf6 {[%clk 01:10:17]} 34. Re8 {[%clk 00:24:48]} Kg6 {[%clk
01:09:19]} 35. Ne7+ {[%clk 00:23:52]} {[%emt 00:00:05]} Bxe7 {[%clk 01:09:09]}
{[%emt 00:00:39]} 36. Rxe7 {[%clk 00:24:17]} {[%emt 00:00:05]} 1-0

[Event "DVM U12 2020"]
[Site "Magdeburg GER"]
[Date "2021.08.08"]
[Round "7"]
[White "Brandstrup, Luca Alexander"]
[Black "Tran, Anh Duc Kevin"]
[Result "1/2-1/2"]
[Termination "normal"]
[Board "2.3"]
[WhiteElo "1516"]
[BlackElo "1338"]
[WhiteClock "00:36:46"]
[BlackClock "00:26:01"]
[WhiteTeam "Hamburger SK von 1830 eV"]
[BlackTeam "USV Erfurt"]
[PlyCount "56"]
[WhiteFideId "16244990"]
[BlackFideId "34608125"]
[EventCountry "GER"]
[EventRounds "7"]
[EventType "team-swiss"]
[EventDate "2021.08.04"]

1. d4 {[%clk 01:30:58]} d5 {[%clk 01:30:51]} {[%emt 00:04:27]} 2. Nf3 {[%clk
01:31:18]} Nf6 {[%clk 01:30:54]} 3. Bf4 {[%clk 01:29:08]} Bf5 {[%clk 01:30:31]}
4. e3 {[%clk 01:28:34]} {[%emt 00:02:43]} e6 {[%clk 01:29:17]} 5. Nbd2 {[%clk
01:27:55]} {[%emt 00:01:26]} Nbd7 {[%clk 01:26:02]} {[%emt 00:07:57]} 6. Be2
{[%clk 01:26:54]} Be7 {[%clk 01:24:38]} 7. O-O {[%clk 01:26:13]} O-O {[%clk
01:23:47]} {[%emt 00:01:28]} 8. c4 {[%clk 01:24:14]} {[%emt 00:08:50]} c6
{[%clk 01:19:56]} 9. a3 {[%clk 01:20:04]} {[%emt 00:02:51]} a5 {[%clk
01:14:24]} {[%emt 00:07:09]} 10. c5 {[%clk 01:16:50]} {[%emt 00:12:57]} b5
{[%clk 01:07:25]} 11. b4 {[%clk 01:11:29]} {[%emt 00:05:10]} a4 {[%clk
01:05:27]} 12. Nh4 {[%clk 01:08:34]} {[%emt 00:03:21]} Bg6 {[%clk 01:01:11]}
{[%emt 00:06:54]} 13. Nxg6 {[%clk 01:06:56]} hxg6 {[%clk 00:58:51]} {[%emt
00:04:09]} 14. f3 {[%clk 01:04:17]} {[%emt 00:02:27]} Nh5 {[%clk 00:54:41]}
{[%emt 00:04:03]} 15. Bg3 {[%clk 01:02:31]} {[%emt 00:10:05]} Nxg3 {[%clk
00:54:09]} 16. hxg3 {[%clk 01:02:59]} Qc7 {[%clk 00:48:26]} 17. Kf2 {[%clk
01:00:23]} {[%emt 00:05:26]} Rae8 {[%clk 00:45:02]} {[%emt 00:01:04]} 18. Rh1
{[%clk 00:58:12]} {[%emt 00:02:38]} f5 {[%clk 00:43:56]} {[%emt 00:01:37]} 19.
Rh3 {[%clk 00:54:12]} {[%emt 00:05:55]} Kf7 {[%clk 00:43:02]} 20. Qh1 {[%clk
00:52:44]} {[%emt 00:07:30]} Qb8 {[%clk 00:41:25]} 21. e4 {[%clk 00:49:46]} Rh8
{[%clk 00:37:24]} {[%emt 00:07:41]} 22. e5 {[%clk 00:47:17]} Rxh3 {[%clk
00:36:32]} {[%emt 00:01:11]} 23. gxh3 {[%clk 00:46:55]} {[%emt 00:01:11]} Rh8
{[%clk 00:34:43]} {[%emt 00:02:16]} 24. Bd3 {[%clk 00:44:57]} {[%emt 00:06:13]}
Qd8 {[%clk 00:32:09]} 25. Kg2 {[%clk 00:41:33]} {[%emt 00:03:20]} Rh6 {[%clk
00:30:51]} {[%emt 00:01:30]} 26. Nb1 {[%clk 00:38:56]} {[%emt 00:03:19]} Nf8
{[%clk 00:30:00]} {[%emt 00:01:03]} 27. Nc3 {[%clk 00:38:33]} {[%emt 00:00:56]}
Nh7 {[%clk 00:27:48]} {[%emt 00:02:52]} 28. Ne2 {[%clk 00:36:46]} {[%emt
00:02:05]} Nf8 {[%clk 00:26:01]} {[%emt 00:02:18]} 1/2-1/2

[Event "DVM U12 2020"]
[Site "Magdeburg GER"]
[Date "2021.08.08"]
[Round "7"]
[White "Heilmann, Ramon"]
[Black "Borgert, Alexander"]
[Result "0-1"]
[Termination "normal"]
[Board "2.4"]
[WhiteElo "996"]
[BlackElo "1527"]
[WhiteClock "00:52:30"]
[BlackClock "01:25:12"]
[WhiteTeam "USV Erfurt"]
[BlackTeam "Hamburger SK von 1830 eV"]
[PlyCount "76"]
[WhiteFideId "34608303"]
[BlackFideId "16289188"]
[EventCountry "GER"]
[EventRounds "7"]
[EventType "team-swiss"]
[EventDate "2021.08.04"]

1. e4 {[%clk 01:30:53]} {[%emt 00:37:26]} c5 {[%clk 01:30:54]} 2. Nc3 {[%clk
01:31:11]} Nc6 {[%clk 01:31:16]} 3. Nf3 {[%clk 01:31:12]} g6 {[%clk 01:31:39]}
{[%emt 00:00:04]} 4. g3 {[%clk 01:31:20]} Bg7 {[%clk 01:32:04]} 5. Bg2 {[%clk
01:31:31]} d6 {[%clk 01:32:30]} 6. O-O {[%clk 01:31:41]} Bg4 {[%clk 01:28:49]}
{[%emt 00:00:11]} 7. d3 {[%clk 01:28:42]} {[%emt 00:03:59]} h5 {[%clk
01:27:27]} 8. h4 {[%clk 01:25:17]} {[%emt 00:03:34]} Nf6 {[%clk 01:26:41]}
{[%emt 00:01:15]} 9. Bg5 {[%clk 01:23:01]} {[%emt 00:03:08]} Nd7 {[%clk
01:26:52]} 10. Nd5 {[%clk 01:22:46]} {[%emt 00:00:48]} Nde5 {[%clk 01:26:59]}
{[%emt 00:00:13]} 11. c3 {[%clk 01:21:08]} {[%emt 00:02:17]} f6 {[%clk
01:26:36]} {[%emt 00:00:45]} 12. Ne3 {[%clk 01:20:20]} {[%emt 00:14:02]} fxg5
{[%clk 01:26:37]} 13. Nxg4 {[%clk 01:20:07]} Nxg4 {[%clk 01:27:00]} 14. Nxg5
{[%clk 01:20:17]} {[%emt 00:00:04]} Bf6 {[%clk 01:26:19]} 15. Ne6 {[%clk
01:20:00]} Qd7 {[%clk 01:26:35]} 16. Nf4 {[%clk 01:19:54]} e5 {[%clk 01:25:52]}
{[%emt 00:00:03]} 17. Nd5 {[%clk 01:19:22]} Ne7 {[%clk 01:25:37]} 18. Nxf6+
{[%clk 01:19:13]} Nxf6 {[%clk 01:26:00]} 19. Qf3 {[%clk 01:19:04]} {[%emt
00:00:03]} Rf8 {[%clk 01:25:55]} 20. Qd1 {[%clk 01:18:56]} Ng4 {[%clk
01:26:14]} 21. Bh3 {[%clk 01:18:56]} Qb5 {[%clk 01:25:10]} 22. b3 {[%clk
01:18:30]} {[%emt 00:05:08]} Qb6 {[%clk 01:24:02]} 23. c4 {[%clk 01:18:18]} Qb4
24. Bxg4 {[%clk 01:15:30]} {[%emt 00:04:26]} hxg4 {[%clk 01:22:47]} 25. Qxg4
{[%clk 01:15:10]} Qd2 {[%clk 01:22:42]} {[%emt 00:00:14]} 26. h5 {[%clk
01:10:40]} {[%emt 00:05:57]} Qh6 {[%clk 01:23:08]} 27. Kg2 {[%clk 01:10:07]}
Qxh5 {[%clk 01:22:42]} {[%emt 00:01:00]} 28. Qxh5 {[%clk 01:10:19]} {[%emt
00:00:19]} gxh5 {[%clk 01:23:05]} {[%emt 00:00:07]} 29. Rh1 {[%clk 01:10:17]}
{[%emt 00:00:29]} Rh8 {[%clk 01:23:16]} {[%emt 00:05:35]} 30. a4 {[%clk
01:05:33]} a5 {[%clk 01:23:31]} {[%emt 00:00:13]} 31. Ra2 {[%clk 01:04:36]}
{[%emt 00:01:27]} Nc6 {[%clk 01:23:28]} {[%emt 00:00:38]} 32. Rd2 {[%clk
01:03:45]} {[%emt 00:01:12]} O-O-O {[%clk 01:23:33]} {[%emt 00:00:31]} 33. f3
{[%clk 00:55:02]} {[%emt 00:11:47]} Nd4 {[%clk 01:23:42]} 34. Rb2 {[%clk
00:55:01]} Rdf8 {[%clk 01:23:56]} 35. Rf1 {[%clk 00:53:56]} h4 {[%clk
01:24:16]} {[%emt 00:00:38]} 36. gxh4 {[%clk 00:53:59]} {[%emt 00:00:08]} Rxh4
{[%clk 01:24:38]} {[%emt 00:00:24]} 37. Rff2 {[%clk 00:52:49]} {[%emt
00:01:13]} Rg8+ {[%clk 01:24:59]} {[%emt 00:00:22]} 38. Kf1 {[%clk 00:52:30]}
{[%emt 00:00:45]} Rh1# {[%clk 01:25:12]} {[%emt 00:00:15]} 0-1

[Event "DVM U12 2020"]
[Site "Magdeburg GER"]
[Date "2021.08.08"]
[Round "7"]
[White "Trunz, Michelle"]
[Black "Haubold, Sebastian Marcel"]
[Result "0-1"]
[Termination "normal"]
[Board "3.1"]
[WhiteElo "1714"]
[BlackElo "1813"]
[WhiteClock "01:33:27"]
[BlackClock "01:26:25"]
[WhiteTeam "Godesberger Schachklub 1929 e. V."]
[BlackTeam "SG Einheit Staßfurt"]
[PlyCount "54"]
[WhiteFideId "16227980"]
[BlackFideId "16259637"]
[EventCountry "GER"]
[EventRounds "7"]
[EventType "team-swiss"]
[EventDate "2021.08.04"]

1. d4 {[%clk 01:30:57]} {[%emt 02:03:52]} Nf6 {[%clk 01:30:53]} 2. c4 {[%clk
01:31:18]} g6 {[%clk 01:31:19]} 3. Nc3 {[%clk 01:31:40]} Bg7 {[%clk 01:31:44]}
4. e4 {[%clk 01:32:02]} d6 {[%clk 01:32:09]} 5. h3 {[%clk 01:32:26]} O-O {[%clk
01:32:16]} 6. Nf3 {[%clk 01:32:46]} e5 {[%clk 01:32:19]} 7. d5 {[%clk
01:33:07]} Nh5 {[%clk 01:32:39]} 8. Nh2 {[%clk 01:33:14]} Qe8 {[%clk 01:32:50]}
9. Be2 {[%clk 01:33:03]} Nf4 {[%clk 01:30:49]} 10. Bf3 {[%clk 01:33:16]} f5
{[%clk 01:27:22]} 11. g3 {[%clk 01:33:14]} Nxh3 {[%clk 01:26:03]} 12. Bg2
{[%clk 01:33:27]} fxe4 {[%clk 01:26:25]} 13. Be3 Bh6 {[%clk 01:26:25]} 14. Bxh6
Nxf2 {[%clk 01:26:25]} 15. Qb3 Nxh1 {[%clk 01:26:25]} 16. Bxf8 Nxg3 {[%clk
01:26:25]} 17. Bh6 Qe7 {[%clk 01:26:25]} 18. Bh3 Nf5 {[%clk 01:26:25]} 19. Bxf5
Qh4+ {[%clk 01:26:25]} 20. Kd1 gxf5 {[%clk 01:26:25]} 21. Nb5 Qh5+ {[%clk
01:26:25]} 22. Kc2 Qxh2+ {[%clk 01:26:25]} 23. Bd2 Na6 {[%clk 01:26:25]} 24.
Qe3 f4 {[%clk 01:26:25]} 25. Qxe4 Nc5 {[%clk 01:26:25]} 26. Qe1 Bf5+ {[%clk
01:26:25]} 27. Kd1 Qh5+ {[%clk 01:26:25]} 0-1

[Event "DVM U12 2020"]
[Site "Magdeburg GER"]
[Date "2021.08.08"]
[Round "7"]
[White "Haubold, Christian Lucas"]
[Black "Blomer, Moritz"]
[Result "1-0"]
[Termination "normal"]
[Board "3.2"]
[WhiteElo "1649"]
[BlackElo "1416"]
[WhiteClock "00:27:53"]
[BlackClock "01:38:51"]
[WhiteTeam "SG Einheit Staßfurt"]
[BlackTeam "Godesberger Schachklub 1929 e. V."]
[PlyCount "107"]
[WhiteFideId "16259629"]
[BlackFideId "34608370"]
[EventCountry "GER"]
[EventRounds "7"]
[EventType "team-swiss"]
[EventDate "2021.08.04"]

1. e4 {[%clk 01:30:57]} e6 {[%clk 01:30:56]} 2. d4 {[%clk 01:31:20]} d5 {[%clk
01:31:21]} 3. Nd2 {[%clk 01:31:44]} Nf6 {[%clk 01:31:46]} 4. e5 {[%clk
01:31:53]} Nfd7 {[%clk 01:32:10]} 5. Bd3 {[%clk 01:32:15]} c5 {[%clk 01:32:35]}
6. c3 {[%clk 01:32:37]} Nc6 {[%emt 00:00:05]} 7. Ne2 {[%clk 01:32:52]} cxd4
{[%clk 01:33:25]} {[%emt 00:00:05]} 8. cxd4 {[%clk 01:33:14]} f6 {[%clk
01:33:51]} 9. exf6 {[%clk 01:32:39]} Qxf6 {[%clk 01:34:13]} 10. Nf3 {[%clk
01:27:58]} Bb4+ {[%clk 01:34:30]} {[%emt 00:00:04]} 11. Bd2 {[%clk 01:27:23]}
Bxd2+ {[%clk 01:34:49]} 12. Qxd2 {[%clk 01:27:34]} O-O {[%clk 01:35:02]} 13.
O-O {[%clk 01:17:21]} {[%emt 00:00:04]} e5 {[%clk 01:35:27]} 14. dxe5 {[%clk
01:13:01]} Ndxe5 {[%clk 01:35:41]} 15. Nxe5 {[%clk 01:11:34]} Nxe5 {[%clk
01:36:07]} 16. Ng3 {[%clk 01:05:32]} {[%emt 00:01:35]} Be6 {[%clk 01:34:57]}
{[%emt 00:05:39]} 17. Rae1 {[%clk 00:55:50]} {[%emt 00:06:04]} Nxd3 {[%clk
01:33:40]} {[%emt 00:01:47]} 18. Qxd3 {[%clk 00:56:00]} {[%emt 00:00:40]} Rae8
{[%clk 01:31:34]} {[%emt 00:02:16]} 19. Qb5 {[%clk 00:52:33]} {[%emt 00:03:57]}
Re7 {[%clk 01:26:46]} {[%emt 01:08:20]} 20. Re3 {[%clk 00:50:12]} Ref7 {[%clk
01:26:02]} 21. Qe2 {[%clk 00:44:50]} Bd7 {[%clk 01:24:25]} 22. Rf3 {[%clk
00:40:36]} Qe7 {[%clk 01:20:01]} {[%emt 00:00:05]} 23. Rxf7 {[%clk 00:38:35]}
Rxf7 {[%clk 01:20:06]} 24. Qd2 {[%clk 00:37:29]} Bc6 {[%clk 01:19:26]} 25. Re1
{[%clk 00:36:58]} Qd7 {[%clk 01:19:09]} {[%emt 00:00:05]} 26. Qb4 {[%clk
00:32:11]} d4 {[%clk 01:18:05]} 27. Qc5 {[%clk 00:27:16]} d3 {[%clk 01:14:35]}
28. Rd1 {[%clk 00:23:31]} Re7 {[%clk 01:13:48]} {[%emt 00:00:09]} 29. Qc4+
{[%clk 00:22:01]} Qd5 {[%clk 01:13:50]} 30. Qxd5+ {[%clk 00:21:32]} Bxd5 {[%clk
01:14:02]} 31. b3 {[%clk 00:17:25]} Be4 {[%clk 01:13:48]} {[%emt 00:00:05]} 32.
f3 {[%clk 00:17:26]} Bg6 {[%clk 01:14:13]} 33. Kf2 {[%clk 00:16:57]} Kf7 {[%clk
01:10:20]} {[%emt 00:02:35]} 34. h4 {[%clk 00:16:09]} {[%emt 00:01:23]} h6
{[%clk 01:10:03]} {[%emt 00:01:10]} 35. Rd2 {[%clk 00:10:54]} {[%emt 00:05:37]}
Ke6 {[%clk 01:08:27]} {[%emt 00:01:50]} 36. Ne4 {[%clk 00:08:50]} {[%emt
00:02:47]} Bxe4 {[%clk 01:08:47]} 37. fxe4 {[%clk 00:09:12]} {[%emt 00:00:07]}
Ke5 {[%clk 01:08:46]} {[%emt 00:00:30]} 38. Rxd3 {[%clk 00:08:30]} {[%emt
00:01:11]} Rc7 {[%clk 01:08:55]} {[%emt 00:00:17]} 39. Ke3 {[%clk 00:08:30]}
{[%emt 00:00:40]} Rc2 {[%clk 01:08:46]} {[%emt 00:00:32]} 40. Rd5+ {[%clk
00:08:52]} {[%emt 00:00:05]} Ke6 {[%clk 01:09:05]} {[%emt 00:00:11]} 41. Rd2
{[%clk 00:09:13]} {[%emt 00:00:13]} Rc3+ {[%clk 01:09:07]} {[%emt 00:00:24]}
42. Kf4 {[%clk 00:09:03]} {[%emt 00:00:40]} g6 {[%clk 01:08:53]} {[%emt
00:00:43]} 43. e5 {[%clk 00:07:46]} {[%emt 00:01:48]} Rc6 {[%clk 01:08:40]}
{[%emt 00:00:42]} 44. g4 {[%clk 00:06:25]} {[%emt 00:01:52]} a5 {[%clk
01:08:22]} {[%emt 00:00:48]} 45. h5 {[%clk 00:04:44]} {[%emt 00:08:51]} g5+
{[%clk 01:08:41]} 46. Ke4 {[%clk 00:05:07]} Rb6 {[%clk 01:07:37]} 47. Rd6+
{[%clk 00:27:31]} {[%emt 00:03:19]} Rxd6 {[%clk 01:38:00]} {[%emt 00:00:06]}
48. exd6 {[%clk 00:27:58]} {[%emt 00:00:05]} Kxd6 {[%clk 01:38:21]} {[%emt
00:00:11]} 49. Kf5 {[%clk 00:28:27]} Kd5 {[%clk 01:38:03]} {[%emt 00:00:45]}
50. Kg6 {[%clk 00:26:59]} {[%emt 00:01:59]} Ke6 {[%clk 01:37:42]} {[%emt
00:00:51]} 51. Kxh6 {[%clk 00:26:53]} {[%emt 00:00:37]} Kf6 {[%clk 01:38:07]}
{[%emt 00:00:05]} 52. Kh7 {[%clk 00:27:22]} {[%emt 00:00:05]} Kf7 {[%clk
01:38:29]} {[%emt 00:00:06]} 53. a4 {[%clk 00:27:26]} {[%emt 00:00:22]} b6
{[%clk 01:38:51]} {[%emt 00:00:09]} 54. h6 {[%clk 00:27:53]} {[%emt 00:00:06]}
1-0

[Event "DVM U12 2020"]
[Site "Magdeburg GER"]
[Date "2021.08.08"]
[Round "7"]
[White "Trunz, Tamila"]
[Black "Schambier, Leon Elias"]
[Result "1-0"]
[Termination "normal"]
[Board "3.3"]
[WhiteElo "1353"]
[BlackElo "1178"]
[WhiteClock "00:29:03"]
[BlackClock "00:37:57"]
[WhiteTeam "Godesberger Schachklub 1929 e. V."]
[BlackTeam "SG Einheit Staßfurt"]
[PlyCount "119"]
[WhiteFideId "16267885"]
[BlackFideId "34608184"]
[EventCountry "GER"]
[EventRounds "7"]
[EventType "team-swiss"]
[EventDate "2021.08.04"]

1. e4 {[%clk 01:30:56]} e5 {[%clk 01:30:44]} 2. Nf3 {[%clk 01:31:11]} Nc6
{[%clk 01:30:56]} 3. Bb5 {[%clk 01:31:31]} {[%emt 00:00:33]} Bc5 {[%clk
01:29:19]} 4. c3 {[%clk 01:28:30]} Nf6 {[%clk 01:03:35]} {[%emt 01:05:31]} 5.
O-O {[%clk 01:10:14]} O-O {[%clk 00:39:08]} {[%emt 00:08:38]} 6. d4 {[%clk
01:07:45]} exd4 {[%clk 00:32:56]} {[%emt 01:04:03]} 7. cxd4 {[%clk 01:07:45]}
Be7 {[%clk 00:20:41]} 8. Nc3 {[%clk 01:05:00]} d5 {[%clk 00:16:10]} 9. e5
{[%clk 01:03:44]} Ne4 {[%clk 00:13:47]} 10. h3 {[%clk 01:00:19]} f6 {[%clk
00:13:36]} 11. Qb3 {[%clk 00:39:24]} fxe5 {[%clk 00:11:05]} 12. Nxe4 {[%clk
00:37:49]} Na5 {[%clk 00:09:59]} {[%emt 00:00:33]} 13. Qd3 {[%clk 00:34:08]}
{[%emt 00:06:51]} Bf5 {[%clk 00:07:36]} 14. Nxe5 {[%clk 00:26:23]} {[%emt
00:08:31]} Bxe4 {[%clk 00:07:00]} {[%emt 00:00:49]} 15. Qc3 {[%clk 00:24:43]}
{[%emt 00:02:10]} c5 {[%clk 00:05:29]} {[%emt 00:02:08]} 16. Be3 {[%clk
00:19:29]} {[%emt 00:06:14]} cxd4 {[%clk 00:05:25]} 17. Bxd4 {[%clk 00:19:24]}
{[%emt 00:00:31]} Rc8 {[%clk 00:05:25]} {[%emt 00:00:37]} 18. Qd2 {[%clk
00:18:32]} {[%emt 00:01:15]} Bg5 {[%clk 00:03:39]} {[%emt 00:02:18]} 19. Qe1
{[%clk 00:16:28]} {[%emt 00:02:33]} Nc4 {[%clk 00:03:23]} {[%emt 00:00:49]} 20.
Nxc4 {[%clk 00:16:39]} {[%emt 00:00:15]} Bd3 {[%clk 00:03:07]} {[%emt
00:00:47]} 21. Qe6+ {[%clk 00:14:35]} {[%emt 00:02:33]} Kh8 {[%clk 00:03:22]}
{[%emt 00:00:25]} 22. Nd6 {[%clk 00:13:19]} {[%emt 00:03:39]} Bxb5 {[%clk
00:03:11]} 23. Nxb5 {[%clk 00:13:13]} Rc6 {[%clk 00:03:14]} 24. Qe2 {[%clk
00:12:00]} {[%emt 00:01:25]} Bh4 {[%clk 00:02:34]} {[%emt 00:01:09]} 25. Bc3
{[%clk 00:10:51]} {[%emt 00:01:42]} Rg6 {[%clk 00:02:24]} {[%emt 00:00:48]} 26.
Be5 {[%clk 00:09:04]} {[%emt 00:06:01]} Re8 {[%clk 00:02:25]} 27. Nd6 {[%clk
00:07:26]} Rxd6 {[%clk 00:02:49]} 28. Rfe1 {[%clk 00:06:46]} Rde6 {[%clk
00:02:58]} {[%emt 00:00:41]} 29. Qh5 {[%clk 00:04:59]} {[%emt 00:01:57]} Qg5
{[%clk 00:03:09]} {[%emt 00:00:49]} 30. Qxg5 {[%clk 00:04:57]} Bxg5 {[%clk
00:03:32]} {[%emt 00:00:11]} 31. Bc3 {[%clk 00:04:44]} {[%emt 00:07:53]} Bf6
{[%clk 00:03:30]} 32. Rxe6 {[%clk 00:04:32]} Rxe6 {[%clk 00:03:56]} 33. Rd1
{[%clk 00:04:32]} Bxc3 {[%clk 00:04:12]} 34. bxc3 {[%clk 00:05:00]} Rd6 {[%clk
00:04:22]} 35. Kf1 {[%clk 00:05:15]} {[%emt 00:00:04]} Kg8 {[%clk 00:04:43]}
36. c4 {[%clk 00:04:15]} d4 {[%clk 00:04:41]} 37. Ke2 {[%clk 00:04:31]} Kf7
{[%clk 00:05:02]} 38. Kd3 {[%clk 00:04:30]} Ke6 {[%clk 00:05:07]} 39. Re1+
{[%clk 00:04:25]} Kd7 {[%clk 00:05:32]} 40. Re4 {[%clk 00:04:14]} {[%emt
00:00:11]} Kc6 {[%clk 00:05:34]} {[%emt 00:00:33]} 41. Rxd4 {[%clk 00:01:57]}
{[%emt 00:02:42]} Rxd4+ {[%clk 00:05:15]} {[%emt 00:00:49]} 42. Kxd4 {[%clk
00:01:53]} {[%emt 00:00:34]} b5 {[%clk 00:05:34]} {[%emt 00:00:23]} 43. f4
{[%clk 00:01:37]} {[%emt 00:00:44]} b4 {[%clk 00:05:08]} {[%emt 00:00:47]} 44.
c5 {[%clk 00:28:25]} {[%emt 00:03:42]} a5 {[%clk 00:34:55]} {[%emt 00:00:43]}
45. Kc4 {[%clk 00:27:59]} {[%emt 00:00:58]} g6 {[%clk 00:34:54]} {[%emt
00:00:32]} 46. g4 {[%clk 00:27:44]} {[%emt 00:00:42]} h6 {[%clk 00:34:44]}
{[%emt 00:00:45]} 47. f5 {[%clk 00:27:29]} {[%emt 00:00:43]} g5 {[%clk
00:34:26]} {[%emt 00:00:45]} 48. f6 {[%clk 00:27:29]} {[%emt 00:00:31]} Kd7
{[%clk 00:34:48]} {[%emt 00:00:26]} 49. f7 {[%clk 00:25:55]} {[%emt 00:01:44]}
Ke7 {[%clk 00:34:59]} {[%emt 00:00:19]} 50. c6 {[%clk 00:26:12]} {[%emt
00:00:13]} Kxf7 {[%clk 00:35:20]} {[%emt 00:00:12]} 51. c7 {[%clk 00:26:35]}
{[%emt 00:00:08]} Kf6 {[%clk 00:35:37]} {[%emt 00:00:10]} 52. c8=Q {[%clk
00:26:53]} {[%emt 00:00:45]} Ke5 {[%clk 00:35:56]} {[%emt 00:00:03]} 53. Qf5+
{[%clk 00:27:04]} Kd6 {[%clk 00:36:14]} {[%emt 00:00:27]} 54. Qd5+ {[%clk
00:27:12]} Ke7 {[%clk 00:36:32]} {[%emt 00:03:30]} 55. Qc6 {[%clk 00:27:30]}
Kd8 {[%clk 00:36:44]} 56. Qb7 {[%clk 00:27:49]} Ke8 {[%clk 00:37:08]} 57. Kd5
{[%clk 00:28:10]} Kf8 {[%clk 00:37:13]} 58. Ke6 {[%clk 00:28:27]} Kg8 {[%clk
00:37:31]} {[%emt 00:00:03]} 59. Kf6 {[%clk 00:28:41]} Kf8 {[%clk 00:37:57]}
60. Qf7# {[%clk 00:29:03]} 1-0